000 00646nam a22001697a 4500
999 _c14890
_d14890
008 200130b ||||| |||| 00| 0 eng d
082 _22014
_aUT 1426
_bD37
100 _aDela Calzada, Charlyn
_941362
245 _a"Digos City National High School (DiCNHS) Online Lesson Planning"/
_cCharlyn Dela Calzada, Ervin Bong Tagitis & Girlie Bonbon
260 _aDigos City
_bUMDC
_cMarch 2014
300 _a32 pages
_c30 cm
650 _aTechnical Education
_vInformation Technology
_xUndergraduate Thesis
_941335
700 _aDela Calzada, Charlyn
_941363
700 _aTagitis,Ervin Bong
_941364
700 _aBonbon,Girlie
_941365
942 _2ddc
_cUT